Pays où l'athéisme est passible de la peine de mort - Statistiques

Statistiques générales
  • Ce quiz a été pris 117 fois
  • Le résultat moyen est 8 sur 13
Statistiques - réponses
Hint Réponse % Correct
2 Iran
88%
1 Afghanistan
87%
9 Arabie saoudite
85%
13 Yemen
75%
7 Pakistan
70%
12 Emirats Arabes Unis
69%
8 Qatar
68%
11 Soudan
61%
10 Somalie
60%
5 Mauritanie
53%
3 Malaisie
41%
6 Nigeria
40%
4 Maldives
34%
Aucun quiz correspondant
Distribution des résultats
% des personnes avec chaque résultat
Percentile par nombre de réponses
Votre historique - résultats
Vous n’avez pas pris ce quiz